Loading...
| Science - Chemistry | 0 | 9 | 0 | 2 | 90 | 73 | 96.56 | 0 | 1 |
| History - American History | 0 | 5 | 0 | 0 | 50 | 40 | 62.40 | 1 | 3 |
| Literature - World Literature | 0 | 5 | 0 | 0 | 50 | 52 | 74.20 | 1 | 3 |
| Literature - American Literature | 0 | 5 | 0 | 0 | 50 | 57 | 83.00 | 0 | 3 |
| History - European History | 0 | 5 | 1 | 1 | 45 | 42 | 72.00 | 1 | 5 |
| Literature - European Literature | 0 | 5 | 1 | 0 | 45 | 55 | 78.80 | 1 | 5 |
| History - World History | 0 | 4 | 1 | 1 | 35 | 62 | 77.50 | 1 | 2 |
| Science - Biology | 0 | 3 | 0 | 0 | 30 | 37 | 79.33 | 1 | 1 |
| Fine Arts - Other Fine Arts | 0 | 3 | 0 | 0 | 30 | 70 | 86.00 | 0 | 2 |
| Religion | 0 | 3 | 0 | 0 | 30 | 38 | 77.33 | 1 | 2 |
| Social Science | 0 | 2 | 0 | 0 | 20 | 83 | 91.00 | 0 | 2 |
| Fine Arts - Painting and Sculpture | 0 | 2 | 0 | 1 | 20 | 103 | 119.50 | 0 | 1 |
| Literature - British Literature | 0 | 3 | 2 | 1 | 20 | 53 | 102.33 | 0 | 1 |
| Mythology | 0 | 2 | 0 | 0 | 20 | 62 | 82.50 | 0 | 1 |
| Science - Physics | 0 | 2 | 0 | 0 | 20 | 59 | 64.00 | 0 | 1 |
| History - Other History | 0 | 1 | 0 | 0 | 10 | 61 | 61.00 | 0 | 1 |
| Fine Arts - Classical Music | 0 | 1 | 0 | 0 | 10 | 120 | 120.00 | 0 | 0 |
| Science - Other Science | 0 | 0 | 0 | 0 | 0 | 0.00 | 0 | 0 | |
| Other Academic | 0 | 0 | 1 | 0 | -5 | 0.00 | 0 | 0 |